000
00338nam a22001457a 4500
003
OSt
005
20220223095657.0
008
220223b |||||||| |||| 00| 0 eng d
020
_a
8173810737
040
_c
H U
082
_a
690
100
_a
Guha P.K.
_9
31231
245
_a
Maintenance And Repairs Of Buildings
942
_2
ddc
_c
BOOKS
_n
0
999
_c
31291
_d
31291